El contador de fondos provinciales y municipales (Record no. 54831)

MARC details
000 -LEADER
campo de control de longitud fija 00676nam a22001695i 4500
001 - NÚMERO DE CONTROL
campo de control 54831
003 - IDENTIFICADOR DE NÚMERO DE CONTROL
campo de control ES-MaACL
005 - FECHA Y HORA DE LA ÚLTIMA TRANSACCIÓN
campo de control 20230906163029.0
007 - CAMPO FIJO DE DESCRIPCIÓN FÍSICA--INFORMACIÓN GENERAL
campo de control de longitud fija t|
008 - DATOS DE LONGITUD FIJA--INFORMACIÓN GENERAL
campo de control de longitud fija 960731s1886 sp ||||1| spa d
040 ## - FUENTE DE CATALOGACIÓN
Centro catalogador/agencia de origen CAM
Lengua de catalogación spa
Centro/agencia transcriptor CAM
100 1# - ENTRADA PRINCIPAL--NOMBRE DE PERSONA
Nombre de persona Galindo y Pérez, Manuel.
9 (RLIN) 53451
245 13 - MENCIÓN DEL TÍTULO
Título El contador de fondos provinciales y municipales
Resto del título : compendio de contabilidad por partida doble aplicada á las operaciones que ejecutan las provincias y los pueblos /
Mención de responsabilidad, etc. por Manuel Galindo y Pérez.
260 ## - PUBLICACIÓN, DISTRIBUCIÓN, ETC.
Lugar de publicación, distribución, etc. Madrid :
Nombre del editor, distribuidor, etc. [s.n.],
Fecha de publicación, distribución, etc. 1886 (
Fabricante Establecimiento tipográfico de "El correo" á cargo de F. Fernández)
300 ## - DESCRIPCIÓN FÍSICA
Extensión 327, [1] p. ;
Dimensiones 25 cm.
852 ## - LOCALIZACIÓN
Ubicación ES-MaACL
Número de control de estantería F-4204
Holdings
Estatus retirado Estado de pérdida Estado de daño No para préstamo Colección Biblioteca de origen Biblioteca actual Ubicación en estantería Fecha de adquisición Fuente de adquisición Total de préstamos Signatura topográfica completa Código de barras Visto por última vez Precio de reemplazo Tipo de ítem Koha
        Libros del s. XIX Biblioteca del Ateneo de Madrid Biblioteca del Ateneo de Madrid Depósito 2 17/01/2008     F-4204 1057616 23/02/2023 23/02/2023 Libro impreso antiguo